Normal view
MARC view
Entry Personal Name
001 - CONTROL NUMBER
- control field: 8938
003 - CONTROL NUMBER IDENTIFIER
- control field: ARRUPE
005 - DATE AND TIME OF LATEST TRANSACTION
- control field: 20140225170228.0
008 - FIXED-LENGTH DATA ELEMENTS
- fixed length control field: 140225|| aca||aabn | a|a d
040 ## - CATALOGING SOURCE
- Original cataloging agency: ARRUPE
- Transcribing agency: ARRUPE
100 ## - HEADING--PERSONAL NAME
- Personal name: Clark, J. Desmond
- Fuller form of name: (John Desmond),
- Dates associated with a name: 1916-2002.
670 ## - SOURCE DATA FOUND
- Source citation: Work cat.: (ARRUPE)0: Clark, J. Desmond 8936, The Victoria Falls :, 1952.